Shugo jōkamachi no kenkyū /

Saved in:
Bibliographic Details
Main Author: Matsuyama, Hiroshi, 1924-
Format: Book
Language:Japanese
Published: Kyōto : Daigakudō Shoten, 1982.
Subjects:
Tags: Add Tag
No Tags, Be the first to tag this record!
LEADER 00989nam a2200289 a 4500
001 007785193-5
005 20024617115255.0
008 831031s1982 ja b 001 0 jpn
010 |a 83220985 /AJ 
020 |c Y7000 
035 0 |a ocm10724567 
040 |a DLC  |c DLC  |d OCoLC  |d *YNH*  |d CStRLIN 
043 |a a-ja--- 
050 0 0 |a HT115  |b .M36 1982 
100 1 |6 880-01  |a Matsuyama, Hiroshi,  |d 1924- 
245 1 0 |6 880-02  |a Shugo jōkamachi no kenkyū /  |c Matsuyama Hiroshi cho. 
260 |6 880-03  |a Kyōto :  |b Daigakudō Shoten,  |c 1982. 
300 |a 8, 318, 27 p. ;  |c 22 cm. 
504 |a Includes bibliographical references and indexes. 
650 0 |a Cities and towns, Medieval  |z Japan. 
650 0 |a Local officials and employees  |z Japan  |x History. 
650 0 |a Municipal government  |z Japan  |x History. 
880 1 |6 100-01  |a 松山宏,  |d 1924- 
880 1 0 |6 245-02  |a 守護城下町の研究 /  |c 松山宏著. 
880 |6 260-03  |a 京都 :  |b 大学堂書店,  |c 1982. 
988 |a 20021127 
906 |0 DLC